| 000 | 00748 a2200181 4500 | ||
|---|---|---|---|
| 001 | 137019 | ||
| 020 | _a8502010662 | ||
| 040 | _cLeonardo Da Vinci | ||
| 041 | _aPortuguês | ||
| 082 |
_a574 L855b _bL855b |
||
| 100 | _aLOPES, Sônia Godoy Bueno Carvalho | ||
| 245 |
_aBIO 3 _bgenética, evolução e ecologia |
||
| 250 | _a10.ed | ||
| 260 |
_bSaraiva _c1993 _aSão Paulo |
||
| 362 | _a19930000 | ||
| 697 |
_aBiologia _aGenética _aLeis de herança _aCitologia _aCélula _aDivisão celular _aDNA _aCromossomos _aGenes _aTeoria de Mendel _aMeiose _aSistema RH _aGrupo sangüineo _aImunização _aVacina _aSoro _aTeoria de Darwin _aTeoria da evolução _aPopulação _aEcologia _aBiosfera _aEcossistema _aEnergia _aSeres vivos _aPoluição _aEnsino Médio |
||
| 942 | _cBK | ||
| 999 |
_c137019 _d137019 |
||